00539 a2200181 4500001000700000003000400007005001700011008004100028082001900069100001700088245004100105260003900146300001000185690002300195942001200218999001500230952011200245131318OSt20210910165717.0  a658.4012bW58S1 aWhite, Colin1 aStrategic managementcby Colin White aNew yorkbPalgrave macmillanc2009 a840p. aStrategic planning 2ddccBK c5838d5838 00102ddc40708TXBaCURAJbCURAJd2012-06-08eMGMg14.99o658.4012 W58Sp7396r2024-11-21w2020-09-02yBK